Rovné příležitosti žen a mužů ve výzkumu a vývoji na vysokých školách v České republice
Význam rovnosti mužov a žien ako súčasť politiky Európskej únie. Definovanie rovnosti mužov a žien podľa Rady Európy. Genderový mainstreaming ako dôležitá stratégia pre dosiahnutie rovnosti mužov a žien. Gender a výskum a vývoj. Rozhodovacie orgány v oblasti výskumu a vývoja. Výskum a vývoj na vyso...
Saved in:
| Main Author: | |
|---|---|
| Format: | Book Chapter |
| Language: | Czech |
| Subjects: | |
| Tags: |
No Tags, Be the first to tag this record!
|
MARC
| LEADER | 00000naa$a2200000$$$4500 | ||
|---|---|---|---|
| 001 | 0041859 | ||
| 005 | 20230919104558.7 | ||
| 041 | 0 | |a cze | |
| 044 | |a CZ | ||
| 245 | 1 | 0 | |a Rovné příležitosti žen a mužů ve výzkumu a vývoji na vysokých školách v České republice |c Drahomíra Kraťková |
| 520 | |a Význam rovnosti mužov a žien ako súčasť politiky Európskej únie. Definovanie rovnosti mužov a žien podľa Rady Európy. Genderový mainstreaming ako dôležitá stratégia pre dosiahnutie rovnosti mužov a žien. Gender a výskum a vývoj. Rozhodovacie orgány v oblasti výskumu a vývoja. Výskum a vývoj na vysokých školách v ČR. Financovanie výskumu a vývoja. Grantové agentúry, ktoré rozhodujú o smerovaní výskumu a vývoja v ČR. | ||
| 610 | 2 | 0 | |a výskum |
| 610 | 2 | 0 | |a vývoj |
| 610 | 2 | 0 | |a školy vysoké |
| 610 | 2 | 0 | |a Česko |
| 610 | 2 | 0 | |a muži |
| 610 | 2 | 0 | |a ženy |
| 610 | 2 | 0 | |a vzťahy genderové |
| 610 | 2 | 0 | |a rovnoprávnosť |
| 610 | 2 | 0 | |a financovanie vývoja |
| 610 | 2 | 0 | |a granty |
| 610 | 2 | 0 | |a agentúry |
| 100 | 1 | |a Kraťková, Drahomíra | |